The noble scholar, jurist, historian


 His Excellency Dr. Abdul Wahhab bin Ibrahim Abu Sulaiman, may Allah have mercy on him.


 He was born in Umm Al-Qura in the year 1356 AH.

التنكيل بما في تأنيب الكوثري من الأباطيل/ (Record no. 714)

MARC details
000 -LEADER
fixed length control field 02146cam a2200373 i 4500
003 - CONTROL NUMBER IDENTIFIER
control field SA-RiAUC
005 - DATE AND TIME OF LATEST TRANSACTION
control field 20240930145739.0
008 - FIXED-LENGTH DATA ELEMENTS--GENERAL INFORMATION
fixed length control field 240924s1986 le g b 000 0bara c
040 ## - CATALOGING SOURCE
Original cataloging agency SA-RiAUC
Language of cataloging ara
Transcribing agency SA-RiAUC
Description conventions rda
082 04 - DEWEY DECIMAL CLASSIFICATION NUMBER
Classification number 922.581
Assigning agency SA-RiAUC
090 ## - LOCALLY ASSIGNED LC-TYPE CALL NUMBER (OCLC); LOCAL CALL NUMBER (RLIN)
Classification number (OCLC) (R) ; Classification number, CALL (RLIN) (NR) 922.581
Local cutter number (OCLC) ; Book number/undivided call number, CALL (RLIN) م ع ل
100 1# - MAIN ENTRY--PERSONAL NAME
Personal name المعلمي، عبد الرحمن بن يحيى بن علي،
Dates associated with a name 1313-1386 هجري
Relator term مؤلف.
245 12 - TITLE STATEMENT
Title التنكيل بما في تأنيب الكوثري من الأباطيل/
Statement of responsibility, etc. تأليف عبد الرحمن بن يحيى المعلمي العتمي اليماني ؛ تخريج محمد ناصر الدين الألباني، زهير الشاويش، عبد الرزاق حمزة.
250 ## - EDITION STATEMENT
Edition statement الطبعة الثانية.
264 #1 - PRODUCTION, PUBLICATION, DISTRIBUTION, MANUFACTURE, AND COPYRIGHT NOTICE
Place of production, publication, distribution, manufacture بيروت :
Name of producer, publisher, distributor, manufacturer المكتب الاسلامي،
Date of production, publication, distribution, manufacture, or copyright notice 1986
300 ## - PHYSICAL DESCRIPTION
Extent 2 مجلد في 1 ؛
Dimensions 25 سم
336 ## - CONTENT TYPE
Content type term نص
Content type code txt
Source rdacontent
Materials specified كتاب
337 ## - MEDIA TYPE
Media type term بدون وسيط
Media type code n
Source rdamedia
338 ## - CARRIER TYPE
Carrier type term مجلد
Carrier type code nc
Source rdacarrier
504 ## - BIBLIOGRAPHY, ETC. NOTE
Bibliography, etc. note يشتمل على إرجاعات ببليوجرافية.
600 17 - SUBJECT ADDED ENTRY--PERSONAL NAME
Personal name أبو حنيفة، النعمان بن ثابت التيمي،
Dates associated with a name 80-150 هجري
Source of heading or term aucnm
650 #7 - SUBJECT ADDED ENTRY--TOPICAL TERM
Topical term or geographic name entry element الفقهاء الأحناف
Form subdivision تراجم
Source of heading or term aucsh
650 #7 - SUBJECT ADDED ENTRY--TOPICAL TERM
Topical term or geographic name entry element الفقه الحنفي
Source of heading or term aucsh
700 1# - ADDED ENTRY--PERSONAL NAME
Personal name الألباني، محمد ناصر الدين،
Dates associated with a name 1914-1999
Relator term مخرج أحاديث.
700 1# - ADDED ENTRY--PERSONAL NAME
Personal name الشاويش، زهير،
Dates associated with a name 1925-2013
Relator term مخرج أحاديث.
700 1# - ADDED ENTRY--PERSONAL NAME
Personal name حمزة، عبد الرزاق
Relator term مخرج أحاديث.
700 12 - ADDED ENTRY--PERSONAL NAME
Personal name الكوثري، محمد زاهد بن الحسن،
Dates associated with a name 1879-1952.
Title of a work تأنيب الخطيب على ما ساقه في ترجمة أبي حنيفة من الأكاذيب
700 12 - ADDED ENTRY--PERSONAL NAME
Personal name الخطيب البغدادي، أحمد بن علي بن ثابت،
Dates associated with a name 392-463 هجري.
Title of a work تاريخ بغداد، أو، مدينة السلام
740 02 - ADDED ENTRY--UNCONTROLLED RELATED/ANALYTICAL TITLE
Uncontrolled related/analytical title تاريخ بغداد.
740 02 - ADDED ENTRY--UNCONTROLLED RELATED/ANALYTICAL TITLE
Uncontrolled related/analytical title تأنيب الخطيب على ما ساقه في ترجمة أبي حنيفة من الأكاذيب.
942 ## - ADDED ENTRY ELEMENTS (KOHA)
Source of classification or shelving scheme Dewey Decimal Classification
Koha item type Books
Suppress in OPAC No
949 ## - LOCAL PROCESSING INFORMATION (OCLC)
a SA-JeALM
d 240924
u mohamedma123
n 1
Holdings
Withdrawn status Lost status Source of classification or shelving scheme Materials specified (bound volume or other part) Damaged status Not for loan Home library Current library Date acquired Total checkouts Full call number Barcode Date last seen Price effective from Koha item type
    Dewey Decimal Classification 2 مجلد في 1     DR AbdElwahab Library DR AbdElwahab Library 09/30/2024   922.581 م ع ل 000001137 09/30/2024 09/30/2024 Books